مكتبة جامعة عجلون الوطنية

فهرس بحث المكتبة

Normal view MARC view
  • غوديس ، غروسيت ، رمو،احمد/ترجمة

Entry Personal Name

Number of records used in: 1

001 - CONTROL NUMBER

  • control field: 21636

003 - CONTROL NUMBER IDENTIFIER

  • control field: JO-AjAnu

005 - DATE AND TIME OF LATEST TRANSACTION

  • control field: 20230606073739.0

008 - FIXED-LENGTH DATA ELEMENTS

  • fixed length control field: 230606|| aca||aabn | a|a d

040 ## - CATALOGING SOURCE

  • Original cataloging agency: JO-AjAnu
  • Transcribing agency: JO-AjAnu

100 ## - HEADING--PERSONAL NAME

  • Personal name: غوديس ، غروسيت ، رمو،احمد/ترجمة

670 ## - SOURCE DATA FOUND

  • Source citation: Work cat.: (JO-AjAnu)11117: غوديس ، غروسيت ، رمو،احمد/ترجمة, author, من أسرار العقل:الاستبصار-التجارب خارج الجسد-الاشباح الضاجة-الادراك المسبق-الحركة النفسية-التخاطر=Mind Over Matter